| 000 | 00621nam a2200193 u 4500 | ||
|---|---|---|---|
| 001 | 000406197 | ||
| 003 | AM-YeHGA | ||
| 005 | 20250618072408.0 | ||
| 008 | 050127s1903 ru |||||||||||000|0|rus d | ||
| 040 | _aAM-YeHGA | ||
| 041 | 1 |
_arus _harm |
|
| 100 | 1 |
_aԱհարոնյան, Ավետիս Առաքելի, _d1866-1948 _91814 |
|
| 245 | 1 | 0 |
_aБашо / _cПер. К. Мелик-Каракозов. |
| 260 |
_aТифлис : _b[Б. и.], _c1903. |
||
| 300 | _a14 с. | ||
| 440 | 0 | _aБиблиотека армянских писателей | |
| 700 | 1 |
_aМелик-Каракозов, К. _eпер. _4trl |
|
| 090 | _c155690 | ||
| 999 |
_c154292 _d154292 |
||